| 000 | 00764cab a2200265 4500 | ||
|---|---|---|---|
| 001 | WB2909-30 | ||
| 008 | 090401t1993 xxu||||| |||| 00| 0 eng d | ||
| 035 | _a(Sirsi) u63094 | ||
| 041 | _aeng | ||
| 245 | _aManaging PI risk | ||
| 260 | _c1993 | ||
| 350 | _a0 | ||
| 490 |
_aCSM (Chartered Surveyor Monthly) _v2(6)March 1993, 2(1) |
||
| 520 | _aOutlines steps which chartered surveyors can take to reduce the risk of professional indemnity insurance claims. | ||
| 650 | _aCARELESSNESS | ||
| 650 | _aCONFIRMATION OF INSTRUCTIONS IN WRITING | ||
| 650 | _aDUTY OF CARE | ||
| 650 | _aINSURANCE CLAIMS | ||
| 650 | _aNEGLIGENCE | ||
| 650 | _aPROFESSIONAL INDEMNITY | ||
| 650 | _aRICS | ||
| 690 |
_aInsurance _96249 |
||
| 942 | _n0 | ||
| 948 | _c04/03/1997 | ||
| 999 |
_c39221 _d39221 |
||